Geografia krajów Beneluksu od A do Z - Statystyki

Ogólne statystyki
  • Ten quiz został rozwiązany 28 razy
  • Średni wynik to 14 z 23
Statystyki odpowiedzi
Hint Odpowiedź % Poprawnych
A Które miasto jest stolicą Holandii? Amsterdam
100%
B Które belgijskie miasto jest siedzibą parlamentu Unii Europejskiej? Bruksela
100%
D Aż 25% powierzchni Holandii znajduje się poniżej poziomu morza, jakim terminem określa się tego typu ląd? Depresja
96%
L Jakie zwierze znajduje się w herbie Luksemburgu? Lew
92%
F Obok niderlandzkiego i niemieckiego jaki język obowiązuje jako urzędowy w Belgii? Francuski
88%
I Który współczesny kraj do 1949 roku był znany jako holenderska kolonia -Holenderskie Indie Wschodnie? Indonezja
88%
N Zarówno Holandia, Belgia jak i Luksemburg są członkami którego sojuszu militarnego? (nazwa skrótowa) NATO
88%
P U wybrzeży jakiego morza położona jest zarówno Belgia jak i Holandia? Północne
88%
Z Curaçao, Bonaire, Saba, Sint Eustatius i Sint Maarten to przykłady holenderskich terytoriów....? Zamorskie
88%
H Jaką nazwę nosi znane holenderskie przedsiębiorstwo piwowarskie założone w 1864? Heineken
83%
J Jonagored to popularna belgijska odmiana jakiego owocu? Jabłko
83%
K Jaką nazwę nosiła afrykańska kolonia de facto prywatna własność króla Belgii Leopolda II? Kongo belgijskie
79%
R Jaką nazwę nosi holenderskie miasto zniszczone przez nazistowskie naloty dywanowe w 1940 roku? -z miasta pochodzi również Erazm, znany holenderski pisarz, filozof i pedagog. Rotterdam
75%
U Jaką nazwę nosi miasto w środkowej Holandii nad kanałem kanałem Amsterdam-Ren, założone przez Rzymian w I wieku? Utrecht
58%
W Jaką nazwę nosi francusko-niemieckojęzyczny region w południowej części Belgii, stanowiący jeden z trzech regionów federalnych tego kraju? Walonia
50%
G Jaką nazwę miała holenderska waluta przed wprowadzeniem Euro? Gulden
46%
C Jak na nazwisko miała brytyjska pisarska która stworzyła postać detektywa belgijskiego pochodzenia Poirota? Christie
38%
M Jaką nazwę nosi rzeka stanowiąca naturalną granicę między południowo-zachodnim Luksemburgiem a Niemcami? Mozela
25%
T Miasto Luksemburg jest siedzibą, której instytucji sądowniczej Unii Europejskiej? Trybunał sprawiedliwości
25%
E Jaką nazwę nosi park rozrywki otwarty 31 maja 1952 roku w holenderskim Kaatsheuvel, którego tematyką są miejscowe baśnie i legendy takie jak Villa Volta czy Latający Holender? Efteling
0%
O Jaką nazwę nosi rzeka stanowiąca naturalną granicę między północno-zachodnim Luksemburgiem a Niemcami? Our
0%
S Jaką nazwę nosi rzeka stanowiąca naturalną granicę między zachodnim Luksemburgiem a Niemcami? Sûre
0%
V Jaką nazwę ma mający zaledwie 321 m wysokości najwyższy szczyt Holandii? Vaalser Berg
0%
Nie znaleziono quizów pasujących do podanych kryteriów
Rozkład punktacji
Procent ludzi z każdym wynikiem
Percentyl według liczby udzielonych odpowiedzi
Twoja historia wyników
Nie rozwiązałeś tego quizu